00596nam a22001937a 45000050016000000100014000160200033000300350013000630370013000760820012000891000023001012450063001242600047001872700046002343000032002804900068003125000019003807000003003992010072205365.0 aENG-97357 c1100.00a9788184501490 (v.2) aEN-80890 bDBAD/PUB a370.954 aMohanty, Jagannath aEducational trends and innovations /cby Jagannath Mohanty aNew DelhibDeep & Deep Publications c2009 aF-159, Rajouri Garden,bNew Delhie110002 av.2 (xiv, 275p.)c23cm (Hb) aEncyclopaedia of education, culture and children's literature-2 aIncludes index